Science and Civilization in Islam

Bibliographic Details
Main Author: Nasir, Beyyed Hussein
Format: Book
Published: Kuala Lumpur : Dewan Pustaka Fajar , 1984
Subjects:

MARC

LEADER 00000cam a2200000 7i4500
001 0000004889
002 000005272
005 20081205.0
020 |a T000000423 
090 0 0 |a 297.4   |b NAS 
100 1 |a Nasir, Beyyed Hussein 
245 1 0 |a Science and Civilization in Islam   |c Beyyed Hussein Nasir 
260 |a Kuala Lumpur :   |b Dewan Pustaka Fajar ,   |c 1984 
300 |a 384p. ;   |c 22cm. 
650 0 0 |a Islam and science   |x Islamic civilization 
999 |a 034818   |b BUKU   |c PINJAMAN   |e PERPUSTAKAAN KOMUNITI PETALING JAYA